000
00278nam a2200109Ia 4500
008
221009s9999 xx 000 0 und d
082
_a
300
100
_a
Joshi,Prasoon
_9
81338
245
0
_a
Thinking Aloud Ref;ectopms On Emerging India
260
_b
Rupa Publication
942
_c
BK
999
_c
64973
_d
64973